000
00310nam a2200133Ia 4500
005
20260328104340.0
008
260328s9999||||xx |||||||||||||| ||und||
100
_a
León, Lizeth
245
0
_a
Fachadas Bogotánas /
_c
Lizeth León
260
_b
Milserifas
300
_a
156 p.
650
_a
ISLA
942
_c
BK
999
_c
12090
_d
12090